00313nam a2200133Ia 45000030006000000080041000060400015000471000022000622450047000842500010001312600009001415460012001500050017001620STCL150530s9999 xx 000 0 und d aSTCLcSTCL aHarry Johnson, G. aEconomic nationalism in old and new states aFirst c1968 aEnglish20220125165627.0